00457nam a22001697a 4500003000400000005001700004008004100021020001800062040002900080050002200109100001700131245002300148250001400171260004400185300001000229650004800239OSt20250709154601.0250709b |||||||| |||| 00| 0 eng d a9780779867165 cChuka University Library aKE 8422 .L44 2015 aStuesser Lee aAn Advocacy Primer aFourth ED aToronto, Canada bThomson Reutersc2015 a499P. aTrial Practice.......................Canada